000 00384nam a22001457a 4500
020 _a013011510x
082 _222
_a005.133
100 _aCoad, Peter ...[et al.].
245 _aJava modeling in color with UML /
260 _aUSA,
_bPrentice Hall PTR,
_cc1999.
300 _axi, 218p. ;
_bill. ;
_c26 cm.
700 _aLefebvne, Erice,
700 _aand De Luca, Jeff.
942 _2ddc
_cIT
999 _c2154
_d2154